000 00521nam a22001817a 4500
999 _c170703
_d170703
005 20191223141524.0
010 _aA-441454
020 _c30.00
035 _aA-441454
082 _a848
100 _aمفتون احمد
245 _aمولانا شیبلی نعمانی /
_cمفتون احمد
246 _aMaulana Shibli Naumani (Urdu) /
_bby Maftoon Ahmed
260 _c1986 ء
_aKarachi
_bMaktaba Asloob
270 _a-
_b-
_e-
300 _a135p.
_c20cm(Hb)
942 _2ddc
_cUR
_h848
_mم ف ت